000 00339nam a22001457a 4500
008 241217b |||||||| |||| 00| 0 eng d
020 _a8177584871
050 _aHD69
_b.K45
100 _aKELLER, Lane Kevin
245 _aStrategic Brand Mana
250 _a2nd
260 _aIndia
_bPearson Education Inc.
300 _a816p.
942 _cBK
999 _c1844
_d1844